000 00347nam a2200157Ia 4500
008 210210b1948 xxu||||| |||| 00| 0 eng d
041 _aeng
082 _a829/393
100 _aFORD (F M)
245 _aLast post
260 _aLondon
_bPenguin Books
_c1948
650 _apost
650 _aLast
690 _aEnglish Fiction
906 _a016997
999 _c136956
_d136956